| 000 | 00846nam a22002057a 4500 | ||
|---|---|---|---|
| 008 | 190814er ||||| |||| 00| 0 spa d | ||
| 020 | _a978-987-4153-07-4 | ||
| 082 | 1 | 4 |
_214 _a551 |
| 245 | 1 | 0 |
_aAtlas de estructuras sedimentarias inorgánicas y biogénicas : _bdescripción, análisis e interpretación a partir de afloramientos, testigos corona y registros de imágenes de pozo / _cFundación YPF |
| 260 |
_aBuenos Aires : _bFundación YPF, _c2018. |
||
| 300 | _a170 p. | ||
| 650 | 0 |
_95702 _aGEOLOGIA DEL PETROLEO |
|
| 700 | 1 |
_98176 _aPonce, Juan José |
|
| 700 | 1 |
_98178 _aMontagna, Aldo Omar |
|
| 700 | 1 |
_98179 _aCarmona, Noelia |
|
| 710 | 2 |
_915783 _aFundación YPF |
|
| 856 | _uhttps://fundacionypf.org/Documents/Publicaciones/ATLAS-ESTRUC-SEDIM-INORGANICAS-BIOGENICAS-.pdf | ||
| 942 |
_2ddc _cLIBRO |
||
| 980 |
_82 _gVirginia Figueroa |
||
| 999 |
_c4976 _d4976 |
||